000 00957nam a22002057a 4500
999 _c176840
_d176840
005 20210128120054.0
010 _aB-736665
020 _a9789353091965
_c40.00
035 _aB-736665
037 _bडी.बी.ए.डी./ उपहार
082 _a
100 _aगुरुगं,रेशमा थापा
245 _aहिलता डुलता दांत /
_cरेशमा थापा-गुरुगं
260 _aनई दिल्ली
_bप्रथम बुक्स
_c2018
270 _aबी-3/4, प्रथम तल, सफदरज़ंग एन्क्लेव
_bनई दिल्ली
_e110 029
_k011-65684113
300 _a12पृ
_c24सेमी (सजिल्द)
_bसचित्र
700 _915970
942 _2ddc
_cCH
_h
_mगुरुगं